<?xml version="1.0" encoding="UTF-8"?>
<record
    xmlns:xsi="http://www.w3.org/2001/XMLSchema-instance"
    xsi:schemaLocation="http://www.loc.gov/MARC21/slim http://www.loc.gov/standards/marcxml/schema/MARC21slim.xsd"
    xmlns="http://www.loc.gov/MARC21/slim">

  <leader>00609nam a22001577a 4500</leader>
  <controlfield tag="003">OSt</controlfield>
  <controlfield tag="005">20151208142450.0</controlfield>
  <controlfield tag="008">151205b        xxu||||| |||| 00| 0 eng d</controlfield>
  <datafield tag="040" ind1=" " ind2=" ">
    <subfield code="c">RUA</subfield>
  </datafield>
  <datafield tag="082" ind1=" " ind2=" ">
    <subfield code="a">FIS UN 2003 B187 Or.1</subfield>
  </datafield>
  <datafield tag="100" ind1=" " ind2=" ">
    <subfield code="9">4328</subfield>
    <subfield code="a">UN, VENG.</subfield>
  </datafield>
  <datafield tag="245" ind1=" " ind2=" ">
    <subfield code="a">Exportation of catfish fillet of lian heng trading Co, LTD, &#x1780;&#x17B6;&#x179A;&#x1793;&#x17B6;&#x17C6;&#x1785;&#x17C1;&#x1789;&#x1793;&#x17BC;&#x179C;&#x178F;&#x17D2;&#x179A;&#x17B8;&#x1794;&#x17D2;&#x179A;&#x17B6;&#x17A0;&#x17D2;&#x179C;&#x17B8;&#x17A1;&#x17C1;&#x1791;&#x17C5;&#x1791;&#x17B8;&#x1795;&#x17D2;&#x179F;&#x17B6;&#x179A;&#x17A2;&#x1793;&#x17D2;&#x178A;&#x179A;&#x1787;&#x17B6;&#x178F;&#x17B7;&#x179A;&#x1794;&#x179F;&#x17CB;&#x1780;&#x17D2;&#x179A;&#x17BB;&#x1798;&#x17A0;&#x17CA;&#x17BB;&#x1793;&#x200B;&#x179B;&#x17B6;&#x1793; &#x17A0;&#x17C1;&#x1784;</subfield>
  </datafield>
  <datafield tag="260" ind1=" " ind2=" ">
    <subfield code="a">Phnom  Penh</subfield>
    <subfield code="b">RUA</subfield>
    <subfield code="c">2003</subfield>
  </datafield>
  <datafield tag="300" ind1=" " ind2=" ">
    <subfield code="a">66p.</subfield>
    <subfield code="b">ill.</subfield>
    <subfield code="c">29cm.</subfield>
  </datafield>
  <datafield tag="942" ind1=" " ind2=" ">
    <subfield code="2">ddc</subfield>
    <subfield code="c">FIS</subfield>
  </datafield>
  <datafield tag="999" ind1=" " ind2=" ">
    <subfield code="c">4041</subfield>
    <subfield code="d">4041</subfield>
  </datafield>
  <datafield tag="952" ind1=" " ind2=" ">
    <subfield code="0">0</subfield>
    <subfield code="1">0</subfield>
    <subfield code="2">ddc</subfield>
    <subfield code="4">0</subfield>
    <subfield code="6">FIS_UN_2003_000000000000000_B187_OR_1</subfield>
    <subfield code="7">0</subfield>
    <subfield code="9">20491</subfield>
    <subfield code="a">LBB</subfield>
    <subfield code="b">LBB</subfield>
    <subfield code="c">B187</subfield>
    <subfield code="d">2015-12-05</subfield>
    <subfield code="o">FIS UN 2003 B187 Or.1</subfield>
    <subfield code="p">RUA026965</subfield>
    <subfield code="r">2015-12-05</subfield>
    <subfield code="w">2015-12-05</subfield>
    <subfield code="y">FIS</subfield>
  </datafield>
  <datafield tag="952" ind1=" " ind2=" ">
    <subfield code="0">0</subfield>
    <subfield code="1">0</subfield>
    <subfield code="2">ddc</subfield>
    <subfield code="4">0</subfield>
    <subfield code="6">FIS_UN_2003_000000000000000_B187_OR_2</subfield>
    <subfield code="7">0</subfield>
    <subfield code="9">20566</subfield>
    <subfield code="a">LBB</subfield>
    <subfield code="b">LBB</subfield>
    <subfield code="c">B187</subfield>
    <subfield code="d">2015-12-05</subfield>
    <subfield code="o">FIS UN 2003 B187 Or.2</subfield>
    <subfield code="p">RUA037707</subfield>
    <subfield code="r">2015-12-05</subfield>
    <subfield code="w">2015-12-05</subfield>
    <subfield code="y">FIS</subfield>
  </datafield>
  <datafield tag="952" ind1=" " ind2=" ">
    <subfield code="0">0</subfield>
    <subfield code="1">0</subfield>
    <subfield code="2">ddc</subfield>
    <subfield code="4">0</subfield>
    <subfield code="6">FIS_UN_2003_000000000000000_B187_OR_3</subfield>
    <subfield code="7">0</subfield>
    <subfield code="9">20593</subfield>
    <subfield code="a">LBB</subfield>
    <subfield code="b">LBB</subfield>
    <subfield code="c">B187</subfield>
    <subfield code="d">2015-12-05</subfield>
    <subfield code="o">FIS UN 2003 B187 Or.3</subfield>
    <subfield code="p">RUA037698</subfield>
    <subfield code="r">2015-12-05</subfield>
    <subfield code="w">2015-12-05</subfield>
    <subfield code="y">FIS</subfield>
  </datafield>
  <datafield tag="952" ind1=" " ind2=" ">
    <subfield code="0">0</subfield>
    <subfield code="1">0</subfield>
    <subfield code="2">ddc</subfield>
    <subfield code="4">0</subfield>
    <subfield code="6">FIS_UN_2003_000000000000000_B187_OR_4</subfield>
    <subfield code="7">0</subfield>
    <subfield code="9">20603</subfield>
    <subfield code="a">LBB</subfield>
    <subfield code="b">LBB</subfield>
    <subfield code="c">B187</subfield>
    <subfield code="d">2015-12-05</subfield>
    <subfield code="o">FIS UN 2003 B187 Or.4</subfield>
    <subfield code="p">RUA037470</subfield>
    <subfield code="r">2015-12-05</subfield>
    <subfield code="w">2015-12-05</subfield>
    <subfield code="y">FIS</subfield>
  </datafield>
  <datafield tag="952" ind1=" " ind2=" ">
    <subfield code="0">0</subfield>
    <subfield code="1">0</subfield>
    <subfield code="2">ddc</subfield>
    <subfield code="4">0</subfield>
    <subfield code="6">FIS_UN_2003_000000000000000_B187_OR_5</subfield>
    <subfield code="7">0</subfield>
    <subfield code="9">20604</subfield>
    <subfield code="a">LBB</subfield>
    <subfield code="b">LBB</subfield>
    <subfield code="c">B187</subfield>
    <subfield code="d">2015-12-05</subfield>
    <subfield code="o">FIS UN 2003 B187 Or.5</subfield>
    <subfield code="p">RUA035282</subfield>
    <subfield code="r">2015-12-05</subfield>
    <subfield code="w">2015-12-05</subfield>
    <subfield code="y">FIS</subfield>
  </datafield>
  <datafield tag="952" ind1=" " ind2=" ">
    <subfield code="0">0</subfield>
    <subfield code="1">0</subfield>
    <subfield code="2">ddc</subfield>
    <subfield code="4">0</subfield>
    <subfield code="6">FIS_UN_2003_000000000000000_B187_OR_7</subfield>
    <subfield code="7">0</subfield>
    <subfield code="9">20605</subfield>
    <subfield code="a">LBB</subfield>
    <subfield code="b">LBB</subfield>
    <subfield code="c">B187</subfield>
    <subfield code="d">2015-12-05</subfield>
    <subfield code="o">FIS UN 2003 B187 Or.7</subfield>
    <subfield code="p">RUA036910</subfield>
    <subfield code="r">2015-12-05</subfield>
    <subfield code="w">2015-12-05</subfield>
    <subfield code="y">FIS</subfield>
  </datafield>
  <datafield tag="952" ind1=" " ind2=" ">
    <subfield code="0">0</subfield>
    <subfield code="1">0</subfield>
    <subfield code="2">ddc</subfield>
    <subfield code="4">0</subfield>
    <subfield code="6">FIS_UN_2003_000000000000000_B187_OR_8</subfield>
    <subfield code="7">0</subfield>
    <subfield code="9">20606</subfield>
    <subfield code="a">LBB</subfield>
    <subfield code="b">LBB</subfield>
    <subfield code="c">B187</subfield>
    <subfield code="d">2015-12-05</subfield>
    <subfield code="o">FIS UN 2003 B187 Or.8</subfield>
    <subfield code="p">RUA037706</subfield>
    <subfield code="r">2015-12-05</subfield>
    <subfield code="w">2015-12-05</subfield>
    <subfield code="y">FIS</subfield>
  </datafield>
  <datafield tag="952" ind1=" " ind2=" ">
    <subfield code="0">0</subfield>
    <subfield code="1">0</subfield>
    <subfield code="2">ddc</subfield>
    <subfield code="4">0</subfield>
    <subfield code="6">FIS_UN_2003_000000000000000_B187_OR_9</subfield>
    <subfield code="7">0</subfield>
    <subfield code="9">20607</subfield>
    <subfield code="a">LBB</subfield>
    <subfield code="b">LBB</subfield>
    <subfield code="c">B187</subfield>
    <subfield code="d">2015-12-05</subfield>
    <subfield code="o">FIS UN 2003 B187 Or.9</subfield>
    <subfield code="p">RUA035259</subfield>
    <subfield code="r">2015-12-05</subfield>
    <subfield code="w">2015-12-05</subfield>
    <subfield code="y">FIS</subfield>
  </datafield>
</record>
